| 000 | 02470nam a22002894a 4500 | ||
|---|---|---|---|
| 003 | BOLpUSFA | ||
| 005 | 20260407144308.0 | ||
| 008 | t bo grm 001 | spa|| | ||
| 040 | _aBOLpUSFA | ||
| 041 | _aspa | ||
| 044 | _aBO | ||
| 082 |
_aADM0038 _bC746dPG |
||
| 100 | _aCondori Mamani, Alan Brayan | ||
| 245 | _aDiseño de un plan de marketing digital para el posicionamiento de la Salteñería Condorito en el distrito 1 de la ciudad de El Alto | ||
| 260 |
_aEl Alto: _bUniversidad Privada San Francisco de Asís. Carrera de Administración de Empresas, _c2025 |
||
| 300 | _a141 p. | ||
| 502 | _aModalidad: Proyecto de Grado - Tutor: Ing. Sebastián Huallpa Quispe | ||
| 520 | _aEsta investigación, cuyo objetivo es diseñar un plan de marketing digital para posicionar la Salteñería Condorito en el distrito 1 de la ciudad de El Alto, se propone como solución a la falta de estrategias que permitan visibilizar el emprendimiento en el entorno digital, donde la competencia gastronómica exige presencia activa en redes sociales y plataformas de entrega. A través de encuestas aplicadas a 384 personas y entrevistas semiestructuradas, se pudo conocer datos relevantes sobre el comportamiento de los consumidores, quienes en su mayoría utilizan medios digitales para descubrir y elegir negocios locales. Esto permitió identificar las necesidades reales del público objetivo y las oportunidades de mejora en la comunicación y promoción del servicio. La investigación también da a conocer las fallas en las estrategias actuales de la empresa, como la ausencia de presencia digital, la falta de planificación promocional y la escasa interacción con los clientes mediante canales tecnológicos. Estos factores limitan el crecimiento del negocio y su posicionamiento en el mercado. El estudio concluye que, mediante la implementación de acciones como la activación de redes sociales, el uso de WhatsApp Business, la afiliación a plataformas de delivery y campañas promocionales segmentadas, se puede lograr una mejora continua en la visibilidad y consumo de los productos de la SalteñerÍA | ||
| 650 | _aAdministración de Empresas | ||
| 650 | _aProyecto de Grado | ||
| 650 | _aMarketing digital | ||
| 650 | _aPosicionamiento | ||
| 650 | _aAlimentos | ||
| 650 | _aSalteñerías | ||
| 651 | _aEl Alto | ||
| 942 |
_2ddc _cTE _zLLO |
||
| 999 |
_c9686 _d9686 |
||